PRINCIPLES & PRACTICE OF PSYCHIATRIC NISING (Record no. 1907)

MARC details
000 -LEADER
fixed length control field 00353nam a2200145Ia 4500
008 - FIXED-LENGTH DATA ELEMENTS--GENERAL INFORMATION
fixed length control field 150201s2005 xx 000 0 und d
082 ## - DEWEY DECIMAL CLASSIFICATION NUMBER
Classification number 616.8
Item number P05S
100 ## - MAIN ENTRY--PERSONAL NAME
Personal name STUART , G.W.
245 ## - TITLE STATEMENT
Title PRINCIPLES & PRACTICE OF PSYCHIATRIC NISING
250 ## - EDITION STATEMENT
Edition statement 8TH
260 ## - PUBLICATION, DISTRIBUTION, ETC. (IMPRINT)
Name of publisher, distributor, etc. ELSEVIER
Place of publication, distribution, etc. DELHI
Date of publication, distribution, etc. 2005
300 ## - PHYSICAL DESCRIPTION
Extent 899
650 ## - SUBJECT ADDED ENTRY--TOPICAL TERM
Topical term or geographic name as entry element PSYCHIATRY
942 ## - ADDED ENTRY ELEMENTS (KOHA)
Source of classification or shelving scheme Dewey Decimal Classification
Koha item type Books
Holdings
Withdrawn status Lost status Source of classification or shelving scheme Damaged status Not for loan Collection code Home library Current library Shelving location Date acquired Source of acquisition Cost, normal purchase price SGTU Total Checkouts Full call number Barcode Date last seen Bill Date Koha item type
    Dewey Decimal Classification     NURSING SGT Medical Library SGT Medical Library Text Book 09/02/2015 UBS DELHI 825.00 SGTU   616.8 P05S FN317 09/02/2015 09/02/2015 Books
    Dewey Decimal Classification     NURSING SGT Medical Library SGT Medical Library Text Book 09/02/2015 UBS DELHI 825.00 SGTU   616.8 P05S FN318 09/02/2015 09/02/2015 Books